Culture Générale de A à Z - Statistiques

Statistiques générales
  • Ce quiz a été pris 154 fois
    128 depuis la dernière actualisation
  • Le résultat moyen est 17 sur 26
Statistiques - réponses
Hint Réponse % Correct
Ce pays est celui qui a remporté le plus de batailles France
90%
Compositeur sourd Beethoven
89%
Voisine de la Russie et de la Lettonie Estonie
88%
Président de la République française de 1981 à 1995 Mitterrand
86%
Signe astrologique, juste après celui du Cancer Lion
83%
Personnage difforme de Notre Dame de Paris Quasimodo
83%
Président des Etats-Unis élu en 2016 Trump
83%
Katmandou en est la capitale Népal
78%
Dieu du vin dans la mythologie grecque Dionysos
77%
Roi français assassiné par Ravaillac Henri IV
76%
Premier pays à avoir remporté la Coupe du Monde de Football masculin Uruguay
76%
Les Etats-Unis achètent ce territoire en 1867 Alaska
73%
Nos parents en recevaient une à Noël Orange
72%
Capitale de la Malaisie Kuala Lumpur
71%
Pape de 1978 à 2005 Jean Paul II
66%
Instrument à percussion Xylophone
66%
Département 37 Indre-et-Loire
62%
Conférence pour régler le sort de l'Europe à la fin de la Seconde Guerre mondiale Yalta
60%
Nom d'une écurie de Formule 1 et de deux championnes de Tennis Williams
54%
Ancien nom de la République Démocratique du Congo Zaïre
53%
Tuer ou son père ou sa mère revient à en commettre un Parricide
47%
Politicien, surnomé Le Tigre Clemenceau
43%
La terre fait la sienne en une année Révolution
37%
Branche des Capétiens qui règne avant les Bourbons Valois
34%
Ecrivain français, qui se faisait aussi appeler Ajar Gary
25%
Programme spatial soviétique Soyouz
19%
Aucun quiz correspondant
Distribution des résultats
% des personnes avec chaque résultat
Percentile par nombre de réponses
Votre historique - résultats
Vous n’avez pas pris ce quiz depuis la dernière actualisation